| 000 | 00561nam a2200193 a 4500 | ||
|---|---|---|---|
| 005 | 20140310183214.0 | ||
| 008 | 000518s19uu xx 00 eng d | ||
| 020 | _a1853023442 | ||
| 050 |
_aHQ 784.V55 _b.V53 1997 |
||
| 245 |
_aViolence in children and adolescents. / _cedited by Ved Varma. |
||
| 260 |
_aLondon : _bJessica Kingsley Publishers, _c1997. |
||
| 300 |
_a217 p., _c24 cm. |
||
| 521 | _aPSYCH | ||
| 650 | _aChildren and violence. | ||
| 650 | _aViolence in children | ||
| 650 | _aJuvenile delinquent | ||
| 942 |
_cBK _2lcc _kFOR |
||
| 999 |
_c20199 _d20199 |
||